000 00312pam a2200133 a 4500
020 _c
041 _h
082 _a751.422
_bMOS
100 _aMarica Moses .
245 _aCreative Water Color
_hTextual Documents
260 _a[s.l]:
_bSterling Publishing Co. in.com
300 _a160:
_bpaper.
930 _a5705
999 _c239495
_d239495